Potenciálne príležitosti a hrozby ekoturizmu

Potenciálne príležitosti rozvoja ekoturizmu. Potenciálne hrozby rozvoja ekoturizmu.

Guardado en:
Detalles Bibliográficos
Autor principal: Vráblová, Anna
Otros Autores: Dubcová, Alena
Formato: Capítulo de libro
Lenguaje:eslovaco
Materias:
Etiquetas: Agregar Etiqueta
Sin Etiquetas, Sea el primero en etiquetar este registro!

MARC

LEADER 00000naa a2200000 4500
001 0146401
005 20220719104033.3
041 0 |a slo 
044 |a SK 
245 1 0 |a Potenciálne príležitosti a hrozby ekoturizmu  |c Anna Vráblová, Alena Dubcová 
520 |a Potenciálne príležitosti rozvoja ekoturizmu. Potenciálne hrozby rozvoja ekoturizmu. 
610 2 0 |a ruch cestovný 
610 2 0 |a Slovensko 
610 2 0 |a ekológia 
610 2 0 |a ekoturizmus 
610 2 0 |a politika environmentálna 
610 2 0 |a ochrana prostredia životného 
100 1 |a Vráblová, Anna 
700 1 |a Dubcová, Alena